[Event "POL-chT3 Podkarpackie"]
[Site "Pstragowa"]
[Date "2014.05.02"]
[Round "4.7"]
[White "Samek, Ryszard"]
[Black "Gierulski, Kamil"]
[Result "0-1"]
[WhiteElo "2013"]
[BlackElo "1955"]
[PlyCount "57"]
[EventDate "2014.04.30"]
[EventType "team-tourn"]
[EventRounds "9"]
[EventCountry "POL"]
[SourceTitle "EXT 2015"]
[Source "ChessBase"]
[SourceDate "2014.11.20"]
[SourceVersion "1"]
[SourceVersionDate "2014.11.20"]
[SourceQuality "1"]
[WhiteTeam "Ustrzyki Dolne"]
[BlackTeam "Rzeszow"]
[WhiteTeamCountry "POL"]
[BlackTeamCountry "POL"]

1. d4 Nf6 2. c4 e5 3. dxe5 Ng4 4. Nf3 Bc5 5. e3 Nc6 6. Be2 Ngxe5 7. Nxe5 Nxe5 8. 0-0 0-0 9. Nc3 Re8 10. Kh1 d6 11. f4 Nc6 12. e4 f5 13. Bf3 Re6 14. e5 Rh6 15. g3 Be6 16. exd6 Kh8 17. dxc7 Qxc7 18. Nd5 Qf7 19. Be3 Bxe3 20. Nxe3 Rd8 21. Nd5 Ne7 22. Qb3 Nxd5 23. Rad1 Qg6 24. Bxd5 Bxd5+ 25. Rxd5 Re8 26. Qd3 Qf6 27. Re5 Rf8 28. Rfe1 Rh5 29. Re8 0-1

[Event "POL-chT3 Podkarpackie"]
[Site "Pstragowa"]
[Date "2014.05.01"]
[Round "3.19"]
[White "Rawicz, Karol"]
[Black "Samek, Ryszard"]
[Result "0-1"]
[WhiteElo "2261"]
[BlackElo "2013"]
[PlyCount "80"]
[EventDate "2014.04.30"]
[EventType "team-tourn"]
[EventRounds "9"]
[EventCountry "POL"]
[SourceTitle "EXT 2015"]
[Source "ChessBase"]
[SourceDate "2014.11.20"]
[SourceVersion "1"]
[SourceVersionDate "2014.11.20"]
[SourceQuality "1"]
[WhiteTeam "Przemysl MKS Polonia"]
[BlackTeam "Ustrzyki Dolne"]
[WhiteTeamCountry "POL"]
[BlackTeamCountry "POL"]

1. d4 Nf6 2. c4 g6 3. g3 Bg7 4. Bg2 0-0 5. Nc3 d6 6. e3 c5 7. Nge2 Nc6 8. 0-0 Bf5 9. h3 a6 10. b3 Qc8 11. Kh2 Rb8 12. a4 Rd8 13. Bb2 cxd4 14. Nxd4 Bd7 15. Rc1 Nxd4 16. exd4 Bc6 17. d5 Be8 18. Re1 e5 19. dxe6 fxe6 20. Qe2 Bf7 21. Qe3 Nd7 22. Ba3 Nc5 23. Rcd1 b6 24. h4 Qc7 25. Ne2 b5 26. axb5 axb5 27. Nd4 Bxd4 28. Qxd4 e5 29. Qc3 bxc4 30. bxc4 Rb3 31. Qc1 Nd3 32. Qc2 Qxc4 33. Qxc4 Bxc4 34. Bf1 Rxa3 35. Re3 e4 36. Rxe4 Nxf2 37. Bxc4+ Kh8 38. Red4 Nxd1 39. Rxd1 Ra5 40. Bd5 Kg7 0-1

[Event "Stare Mesto op"]
[Site "Stare Mesto"]
[Date "2008.08.13"]
[Round "7"]
[White "Roubalik, Jakub"]
[Black "Samek, Ryszard"]
[Result "1-0"]
[WhiteElo "2168"]
[BlackElo "2012"]
[PlyCount "89"]
[EventDate "2008.08.08"]
[EventType "swiss"]
[EventRounds "10"]
[EventCountry "CZE"]
[SourceTitle "CBM 125 Extra"]
[Source "ChessBase"]
[SourceDate "2008.09.01"]
[SourceVersion "1"]
[SourceVersionDate "2008.09.01"]
[SourceQuality "1"]

1. d4 Nf6 2. c4 g6 3. Nc3 Bg7 4. e4 d6 5. Nge2 0-0 6. Ng3 c5 7. d5 e6 8. Be2 exd5 9. exd5 Re8 10. 0-0 a6 11. Bg5 Nbd7 12. Qd2 Qc7 13. Bh6 Bh8 14. f4 b5 15. cxb5 Nb6 16. f5 Bb7 17. fxg6 hxg6 18. bxa6 Bxa6 19. Bxa6 Rxa6 20. Bg5 Nh7 21. Bf4 Qd7 22. Nge4 Be5 23. Bxe5 Rxe5 24. Nf6+ Nxf6 25. Rxf6 Ra8 26. Raf1 Rf8 27. Qh6 Qe7 28. R6f3 Rh5 29. Qd2 Qe5 30. g4 Rg5 31. Rg3 Nxd5 32. Ne4 Qxe4 33. Qxg5 Qd4+ 34. Kh1 Re8 35. Rgf3 Qe4 36. Kg1 Qd4+ 37. R1f2 Re7 38. h3 Kg7 39. Qd2 Qe4 40. Qd3 Qe1+ 41. Rf1 Qe5 42. Rd1 Nf4 43. Qxd6 Ne2+ 44. Kg2 Qe4 45. Qf6+ 1-0

[Event "Stare Mesto op"]
[Site "Stare Mesto"]
[Date "2008.08.11"]
[Round "5"]
[White "Sudrich, Radek"]
[Black "Samek, Ryszard"]
[Result "1/2-1/2"]
[WhiteElo "2159"]
[BlackElo "2012"]
[PlyCount "55"]
[EventDate "2008.08.08"]
[EventType "swiss"]
[EventRounds "10"]
[EventCountry "CZE"]
[SourceTitle "CBM 125 Extra"]
[Source "ChessBase"]
[SourceDate "2008.09.01"]
[SourceVersion "1"]
[SourceVersionDate "2008.09.01"]
[SourceQuality "1"]

1. d4 Nf6 2. c4 g6 3. Nc3 Bg7 4. e4 d6 5. f3 0-0 6. Be3 Nc6 7. Qd2 a6 8. Bd3 e5 9. d5 Nd4 10. Nge2 Nd7 11. Bg5 Qe8 12. Nxd4 exd4 13. Ne2 c5 14. 0-0 Ne5 15. Rae1 b5 16. b3 bxc4 17. bxc4 f6 18. Bf4 Qd8 19. Rb1 Rf7 20. Rb3 Raa7 21. Rfb1 Rfb7 22. Qc2 Qc7 23. Nc1 Rxb3 24. Rxb3 Rb7 25. Bd2 Bf8 26. Rxb7 Qxb7 27. Qb3 Be7 28. Qxb7 1/2-1/2